00537nam a2200169Ia 4500008004100000020001800041041000800059082001600067100003300083245002800116250000600144260003900150300001300189650002100202999001900223952012500242210716s2019 xx 000 0 und d a9789352808656 aeng a338.04 VIEW aVieira, Walter; Dixit, Mita. a5Gs of family business. a1 aNew DelhibSage Publicationsc2019 axiii,205 aEntrepreneurship c211484d211484 001040708MBAaAIMITbAIMITd2019-11-09g395.00l0o338.04 VIEWpMBA14053r2026-05-23 00:00:00v316.00w2021-07-16yBK